Beginning PHP 5 (Record no. 2010)

MARC details
000 -LEADER
fixed length control field 00646 a2200181 4500
020 ## - INTERNATIONAL STANDARD BOOK NUMBER
International Standard Book Number 8126505397
Terms of availability 449.00
035 ## - SYSTEM CONTROL NUMBER
System control number B-210780
037 ## - SOURCE OF ACQUISITION
Source of stock number/acquisition RP-ZLS-2720 / PANSY-07-08:3 / RP-07-08:ENG
082 14 - DEWEY DECIMAL CLASSIFICATION NUMBER
Classification number 005.754
090 ## - LOCALLY ASSIGNED LC-TYPE CALL NUMBER (OCLC); LOCAL CALL NUMBER (OCLC)
-- 2044
-- 2044
245 1# - TITLE STATEMENT
Title Beginning PHP 5
Statement of responsibility, etc by Dave W. Mercer...(et al)
260 ## - PUBLICATION, DISTRIBUTION, ETC. (IMPRINT)
Place of publication, distribution, etc New Delhi
Name of publisher, distributor, etc Wiley India
Date of publication, distribution, etc 2006r
270 ## - ADDRESS
Address 4435/7, Ansari Road, Daryaganj
City New Delhi
State or province Delhi
Postal code 110002
Telephone number 23260877
Fax number 23275895
300 ## - PHYSICAL DESCRIPTION
Extent xxiii, 859 p
Dimensions 24 cm (pbk)
500 ## - GENERAL NOTE
General note this is reprint of 2006
942 ## - ADDED ENTRY ELEMENTS (KOHA)
Institution code [OBSOLETE] dpl
Koha item type English Books
Call number prefix 005.754 / BEG
Holdings
Withdrawn status Lost status Source of classification or shelving scheme Damaged status Not for loan Collection code Home library Current library Cost, normal purchase price Total Checkouts Full call number Barcode Date last seen Uniform Resource Identifier Cost, replacement price Price effective from Koha item type
    Dewey Decimal Classification     Non-fiction Sarojini Nagar Sarojini Nagar 449.00   005.754 BEG B-210780 15/09/2008 2124 449.00 15/09/2008 English Books

© Delhi Public Library
Hit Counter
free hit counter